Estudi econòmico-financer de l'empresa catalana : Exercicis 1987-1988 i anàlisi de tendències període 1985-1988 : Número 0 Exercicis 1987-1988 i anàlisi de tendències període 1985-1988 :
Descripción Física:
341 p. ; 25 cm
MARC
| LEADER | 00000nam a2200000Ia 4500 | ||
|---|---|---|---|
| 001 | 9175 | ||
| 008 | 160829s9999 xx 000 0 cat d | ||
| 080 | |a M-1-253 | ||
| 245 | |a Estudi econòmico-financer de l'empresa catalana : |b Exercicis 1987-1988 i anàlisi de tendències període 1985-1988 : |b Número 0 | ||
| 260 | |a Barcelona : |b Generalitat de Catalunya. Direcció General de Programació Econòmica, dl 1990 | ||
| 300 | |a 341 p. ; |c 25 cm | ||
| 650 | 0 | |a Empreses |z Catalunya |9 6271 | |
| 650 | |a Indústria |x Catalunya |x Estadístiques |9 31488 | ||
| 901 | |a Arxiu | ||
| 942 | |n 1 | ||
| 952 | |0 0 |1 0 |4 0 |6 M1253 |7 1 |9 45628 |a Arxiu |b Arxiu |d 2016-12-01 |l 0 |o M-1-253 |p 9175 |r 2016-12-01 00:00:00 |w 2016-12-01 |y ARXIU | ||
| 999 | |c 49127 |d 49127 | ||